000 00363nam a2200157Ia 4500
008 230711s9999||||xx |||||||||||||| ||und||
041 _aENG
082 _a667
_bKO-T
100 _aAnand,J.S
245 0 _aBeyond Life! Beyond Death!
250 _a1st . Ed.
260 _c1999
_aNew Delhi
_bIAFL Publications
300 _a72
650 _aLiterature
942 _cBK
999 _c3819
_d3819